Football Traitors - Statistics

General Stats
  • This quiz has been taken 32 times
  • The average score is 6 of 8
Answer Stats
Betrayed club Story Answer % Correct
Barcelona Signed for Barcelona's biggest rivals and was pelted with objects upon his return- considered the first Galactico Luis Figo
96%
Inter & Barcelona The Ultimate Journeyman. City Rivals and Country Rivals Ronaldo
79%
Liverpool Left Liverpool after winning the highest individual award and after a downward spiral, joined their biggest rivals to win the Premier League Michael Owen
75%
Arsenal After winning the golden boot and refusing to sign a new deal, he joined an Arsenal Rival and won the Premier League Robin Van Persie
75%
Tottenham Hotspur Joined Tottenham's mortal enemies to win trophies and that's just what he did- 2x Premier League titles and 3x FA Cups- While Tottenham won nothing. called Judas Sol Campbell
71%
Manchester United Joined Man United's rivals- the first to do so since 1999 Carlos Tevez
58%
Liverpool Joined Liverpool's European rivals after losing two UCL finals and getting knocked out of UCL twice by them. Trent Alexander-Arnold
54%
Inter Less severe but betrayed city rivals nonetheless Zlatan Ibrahimovic
50%
No matching quizzes found
Score Distribution
Percent of People with Each Score
Percentile by Number Answered
Your Score History
You have not taken this quiz